<?xml version="1.0" encoding="UTF-8"?>
<record
    xmlns:xsi="http://www.w3.org/2001/XMLSchema-instance"
    xsi:schemaLocation="http://www.loc.gov/MARC21/slim http://www.loc.gov/standards/marcxml/schema/MARC21slim.xsd"
    xmlns="http://www.loc.gov/MARC21/slim">

  <leader>00759nam a22002057a 4500</leader>
  <datafield tag="999" ind1=" " ind2=" ">
    <subfield code="c">105313</subfield>
    <subfield code="d">105313</subfield>
  </datafield>
  <controlfield tag="005">20220927104400.0</controlfield>
  <datafield tag="010" ind1=" " ind2=" ">
    <subfield code="a">UR-9601</subfield>
  </datafield>
  <datafield tag="020" ind1=" " ind2=" ">
    <subfield code="a">9789350736555</subfield>
    <subfield code="c">300.00</subfield>
  </datafield>
  <datafield tag="035" ind1=" " ind2=" ">
    <subfield code="a">U-8156</subfield>
  </datafield>
  <datafield tag="037" ind1=" " ind2=" ">
    <subfield code="b">DBAD/PUB</subfield>
  </datafield>
  <datafield tag="082" ind1=" " ind2=" ">
    <subfield code="a">841</subfield>
  </datafield>
  <datafield tag="100" ind1=" " ind2=" ">
    <subfield code="a">&#x62C;&#x627; &#x648; &#x6CC;&#x62F; &#x646;&#x633;&#x6CC;&#x645;&#x6CC;</subfield>
  </datafield>
  <datafield tag="245" ind1=" " ind2=" ">
    <subfield code="a">&#x6A9;&#x644;&#x6CC;&#x627; &#x62A;  &#x62B;&#x631; &#x648; &#x62A; /</subfield>
    <subfield code="c">&#x645;&#x631; &#x62A;&#x628;&#x6C1; : &#x62C;&#x627; &#x648; &#x6CC;&#x62F; &#x646;&#x633;&#x6CC;&#x645;&#x6CC;    </subfield>
  </datafield>
  <datafield tag="246" ind1=" " ind2=" ">
    <subfield code="a">Kulliyat-E-Sarwat /</subfield>
    <subfield code="b">compiled by Javed Nasimi </subfield>
  </datafield>
  <datafield tag="260" ind1=" " ind2=" ">
    <subfield code="a">&#x62F; &#x6C1;&#x644;&#x6CC;  </subfield>
    <subfield code="b">&#x627; &#x6CC;&#x62C;&#x648;&#x6A9;&#x6CC;&#x634;&#x646;&#x644; &#x67E;&#x628;&#x644;&#x634;&#x646;&#x6AF; &#x6C1;&#x627; &#x648; &#x633; </subfield>
    <subfield code="c">2015 &#x621;</subfield>
  </datafield>
  <datafield tag="270" ind1=" " ind2=" ">
    <subfield code="a">3191-&#x648; &#x6A9;&#x6CC;&#x644; &#x627; &#x633;&#x62A;&#x631; &#x6CC;&#x62A; &#x60C;&#x6A9;&#x648; &#x686;&#x627; &#x67E;&#x646;&#x688; &#x62A; &#x60C;&#x644;&#x627;&#x644; &#x6A9;&#x646;&#x648; &#x627; &#x646; </subfield>
    <subfield code="b">&#x62F; &#x6C1;&#x644;&#x6CC;  </subfield>
    <subfield code="e">110006</subfield>
    <subfield code="k">23216162</subfield>
  </datafield>
  <datafield tag="300" ind1=" " ind2=" ">
    <subfield code="a">512 &#x635;</subfield>
    <subfield code="c">22cm(Hb)</subfield>
  </datafield>
  <datafield tag="700" ind1=" " ind2=" ">
    <subfield code="a">&#x645;&#x631; &#x62A;&#x628;&#x6C1; : &#x62C;&#x627; &#x648; &#x6CC;&#x62F; &#x646;&#x633;&#x6CC;&#x645;&#x6CC;   </subfield>
  </datafield>
  <datafield tag="942" ind1=" " ind2=" ">
    <subfield code="2">ddc</subfield>
    <subfield code="c">UR</subfield>
    <subfield code="h">841</subfield>
    <subfield code="m">&#x62C; &#x627; &#x648;</subfield>
  </datafield>
  <datafield tag="952" ind1=" " ind2=" ">
    <subfield code="0">0</subfield>
    <subfield code="1">0</subfield>
    <subfield code="4">0</subfield>
    <subfield code="7">0</subfield>
    <subfield code="8">NFIC</subfield>
    <subfield code="a">ZLS</subfield>
    <subfield code="b">ZLS</subfield>
    <subfield code="d">2016-12-19</subfield>
    <subfield code="e">DBAD/PUB</subfield>
    <subfield code="g">300.00</subfield>
    <subfield code="l">0</subfield>
    <subfield code="o">841 &#x62C; &#x627; &#x648;</subfield>
    <subfield code="p">U-8156</subfield>
    <subfield code="r">2016-12-19 00:00:00</subfield>
    <subfield code="t">1</subfield>
    <subfield code="v">300.00</subfield>
    <subfield code="y">UR</subfield>
  </datafield>
</record>
